000 01165nam a2200229Ia 4500
999 _c56531
_d56531
001 23645
003 GE_BSU
005 20230418114809.0
008 181216s1976ge xx |||||||||||||| ||geo||
040 _cGE_BSU
041 _ageo
080 _a94(479.22)(093უცხ.)(075.8) + 930.2(38) ყ-36
100 _aყაუხჩიშვილი, თ.
_917649
245 _aსაქართველოს ისტორიის ძველი ბერძნული წყაროები :
_bდამხმ. სახელმძღვ. სტუდენტებისათვის /
_cთ.ყაუხჩიშვილი, რედ. აკ. ურუშაძე.
264 _aთბილისი :
_bთბილ. უნ-ტის გამ-ბა,
_c1976.
300 _a296 გვ. ;
_b 22 სმ..
501 _aსაძიებლები: გვ. 264-294.
653 _aსაქართველოს ისტორიის ძველი ბერძნული წყაროები
653 _aისტორია
700 _aურუშაძე, აკ
_eრედაქტორი
_916070
942 _cBK
_2udc